000 00389nam a2200169Ia 4500
001 15664
003 IN-NITTTR
005 20251114233147.0
008 251113s9999||||xx |||||||||||||| ||eng||
040 _beng
040 _cIN-NITTTR
041 _aeng
082 _a621.811 H927K
100 _aHunt, K. H.
245 0 _aKinetic geometry of mechanisms. /
_cHunt, K. H.
942 _2ddc
_cBK
999 _c18298
_d18298